000 00287nam a22001217a 4500
008 170921b xxu||||| |||| 00| 0 eng d
041 _aeng
080 _a78
100 _a45
101 _aMUZ
245 _aMILTON CROSS' COMPLETE STORIES OF THE GREAT OPERAS
_cRAMOS,D
942 _2udc
_cBK
999 _c28800
_d28800